000 01232cam a22001814a 4500
005 20250605164355.0
008 250528s ||||||||||||||||||||||||d
035 _a24292
040 _aGR-AtMCL
_bgre
_dGR-AtMCL
_eAACR2
245 1 _aΣπουδαί - Spoudai / Βραβείο Ακαδημίας Αθηνών - An Academy of Athens Award
260 _bΕπτάλοφος,
_c2002
300 _a216
520 _aDistribution of Price Changes and the Measure of Underlying Inflation, Fiscal Policy in an Endogenous Growth Model with Horizontally Differentiated Intermediate Goods, A Strategic Approach to Brand Definitions, The Day of the Week Effect in the Athens Stock Exchange, Regional Demand for Water in Greece Using Panel Data, The Welfare State and the British Classical School, Comparison of the Traditional Stock Valuation Models with Ohlson's Valuation Model (1995), The Formation of a New Political Party and the Political Equilibrium: An Application of the Game Theory, The Contribution of Education to the Economic Growth, Civil Society: New Forms of Collective Action, How Much 'Managerial' is the Managers' Time.
700 1 _aAliprantis Charalambos
_99445
942 _cCR
999 _c9182
_d9182